Wszystkie miasta w Polsce - Statystyki

Ogólne statystyki
  • Ten quiz został rozwiązany 1 920 razy
    224 od ostatniego zresetowania
  • Średni wynik to 328 z 1026
Statystyki odpowiedzi
Województwo Miasto % Poprawnych
Małopolskie Kraków
82%
Pomorskie Gdańsk
81%
Pomorskie Gdynia
79%
Mazowieckie Warszawa
79%
Dolnośląskie Wrocław
79%
Wielkopolskie Poznań
78%
Zachodniopomorskie Szczecin
78%
Lubelskie Lublin
77%
Opolskie Opole
77%
Podkarpackie Rzeszów
77%
Małopolskie Zakopane
77%
Warmińsko-mazurskie | Śląskie Olsztyn
76%
Warmińsko-mazurskie Ełk
75%
Śląskie Katowice
75%
Łódzkie Łódź
75%
Wielkopolskie Koło
74%
Dolnośląskie Lubin
74%
Pomorskie Sopot
73%
Małopolskie Tarnów
72%
Warmińsko-mazurskie Elbląg
71%
Mazowieckie Radom
71%
Kujawsko-pomorskie Toruń
71%
Podlaskie Białystok
70%
Dolnośląskie Jelenia Góra
70%
Lubuskie Zielona Góra
70%
Kujawsko-pomorskie Bydgoszcz
69%
Świętokrzyskie Kielce
68%
Wielkopolskie Piła
68%
Lubelskie Chełm
66%
Śląskie Częstochowa
66%
Śląskie Gliwice
66%
Opolskie Biała
65%
Śląskie Bytom
65%
Małopolskie Nowy Targ
65%
Mazowieckie Płock
65%
Śląskie Bielsko-Biała
64%
Pomorskie Hel
64%
Zachodniopomorskie Kołobrzeg
64%
Zachodniopomorskie Koszalin
64%
Małopolskie Nowy Sącz
64%
Zachodniopomorskie Świnoujście
64%
Opolskie Brzeg
63%
Lubuskie Gorzów Wielkopolski
63%
Warmińsko-mazurskie Iława
63%
Pomorskie Słupsk
63%
Kujawsko-pomorskie Grudziądz
62%
Kujawsko-pomorskie Inowrocław
62%
Wielkopolskie Kalisz
62%
Pomorskie Malbork
61%
Podlaskie Augustów
60%
Wielkopolskie Gniezno
60%
Podkarpackie Krosno
60%
Dolnośląskie Legnica
60%
Małopolskie Oświęcim
60%
Śląskie Sosnowiec
60%
Dolnośląskie Wałbrzych
60%
Kujawsko-pomorskie Włocławek
60%
Dolnośląskie Kłodzko
59%
Łódzkie Piotrków Trybunalski
59%
Świętokrzyskie Sandomierz
59%
Podlaskie Suwałki
59%
Śląskie Wisła
59%
Lubelskie Zamość
59%
Lubelskie Biała Podlaska
58%
Wielkopolskie Konin
58%
Podkarpackie Przemyśl
58%
Śląskie Zabrze
58%
Śląskie Chorzów
57%
Dolnośląskie Głogów
57%
Dolnośląskie Jawor
57%
Podkarpackie Mielec
57%
Mazowieckie Pruszków
57%
Podkarpackie Tarnobrzeg
57%
Śląskie Tychy
57%
Pomorskie Wejherowo
57%
Małopolskie Wieliczka
57%
Śląskie Żory
57%
Małopolskie Bochnia
56%
Opolskie Nysa
56%
Śląskie Dąbrowa Górnicza
55%
Warmińsko-mazurskie Frombork
55%
Wielkopolskie Leszno
55%
Kujawsko-pomorskie Nowe
55%
Małopolskie Andrychów
54%
Łódzkie Bełchatów
54%
Opolskie Kędzierzyn-Koźle
54%
Łódzkie Pabianice
54%
Mazowieckie Siedlce
54%
Pomorskie Władysławowo
54%
Dolnośląskie Zgorzelec
54%
Mazowieckie Ciechanów
53%
Podkarpackie Jarosław
53%
Śląskie Jastrzębie-Zdrój
53%
Pomorskie Łeba
53%
Podlaskie Łomża
53%
Warmińsko-mazurskie Mrągowo
53%
Śląskie Rybnik
53%
Świętokrzyskie Starachowice
53%
Zachodniopomorskie Stargard
53%
Śląskie Cieszyn
52%
Świętokrzyskie Ostrowiec Świętokrzyski
52%
Dolnośląskie Świdnica
52%
Śląskie Będzin
51%
Pomorskie Chojnice
51%
Zachodniopomorskie Darłowo
51%
Warmińsko-mazurskie Giżycko
51%
Lubelskie Hrubieszów
51%
Zachodniopomorskie Międzyzdroje
51%
Mazowieckie Nowe Miasto
51%
Dolnośląskie Oława
51%
Śląskie Ruda Śląska
51%
Podkarpackie Sanok
51%
Zachodniopomorskie Szczecinek
51%
Pomorskie Tczew
51%
Pomorskie Ustka
51%
Małopolskie Wadowice
51%
Lubuskie Żary
51%
Śląskie Janów
50%
Mazowieckie Mława
50%
Zachodniopomorskie Police
50%
Łódzkie Sieradz
50%
Podkarpackie Stalowa Wola
50%
Łódzkie Zgierz
50%
Śląskie Żywiec
50%
Dolnośląskie | Łódzkie Bolesławiec
49%
Podkarpackie Jasło
49%
Pomorskie Jastarnia
49%
Śląskie Jaworzno
49%
Łódzkie Łowicz
49%
Śląskie Mysłowice
49%
Warmińsko-mazurskie Olsztynek
49%
Mazowieckie Ostrołęka
49%
Wielkopolskie Ostrów Wielkopolski
49%
Mazowieckie Piaseczno
49%
Łódzkie Radomsko
49%
Śląskie Siemianowice Śląskie
49%
Łódzkie Skierniewice
49%
Pomorskie Starogard Gdański
49%
Śląskie Tarnowskie Góry
49%
Łódzkie Tomaszów Mazowiecki
49%
Mazowieckie Żyrardów
49%
Warmińsko-mazurskie Bartoszyce
48%
Podlaskie Hajnówka
48%
Dolnośląskie Karpacz
48%
Łódzkie Kutno
48%
Pomorskie Lębork
48%
Warmińsko-mazurskie Lidzbark
48%
Zachodniopomorskie Mielno
48%
Lubelskie Puławy
48%
Małopolskie Stary Sącz
48%
Kujawsko-pomorskie Aleksandrów Kujawski
47%
Pomorskie Bytów
47%
Podkarpackie Dębica
47%
Dolnośląskie Góra
47%
Wielkopolskie Kostrzyn
47%
Pomorskie Krynica Morska
47%
Śląskie Piekary Śląskie
47%
Łódzkie Wieluń
47%
Łódzkie Aleksandrów Łódzki
46%
Mazowieckie Marki
46%
Mazowieckie Mińsk Mazowiecki
46%
Mazowieckie Nowy Dwór Mazowiecki
46%
Dolnośląskie | Świętokrzyskie Oleśnica
46%
Małopolskie Olkusz
46%
Warmińsko-mazurskie Pisz
46%
Wielkopolskie Środa Wielkopolska
46%
Lubelskie Świdnik
46%
Lubuskie Świebodzin
46%
Podkarpackie Ustrzyki Dolne
46%
Warmińsko-mazurskie Braniewo
45%
Małopolskie Brzesko
45%
Kujawsko-pomorskie Chełmno
45%
Łódzkie Łask
45%
Dolnośląskie Lubań
45%
Warmińsko-mazurskie Mikołajki
45%
Warmińsko-mazurskie Ostróda
45%
Pomorskie Reda
45%
Pomorskie Rumia
45%
Lubuskie Słubice
45%
Mazowieckie Wołomin
45%
Opolskie Kluczbork
44%
Pomorskie Kwidzyn
44%
Mazowieckie Legionowo
44%
Opolskie Namysłów
44%
Łódzkie Opoczno
44%
Mazowieckie Otwock
44%
Warmińsko-mazurskie Szczytno
44%
Lubelskie Tomaszów Lubelski
44%
Wielkopolskie Turek
44%
Małopolskie Chrzanów
43%
Zachodniopomorskie Kamień Pomorski
43%
Warmińsko-mazurskie Kętrzyn
43%
Lubelskie Kraśnik
43%
Warmińsko-mazurskie Lidzbark Warmiński
43%
Małopolskie Myślenice
43%
Warmińsko-mazurskie Nidzica
43%
Podkarpackie Nisko
43%
Lubuskie Nowa Sól
43%
Wielkopolskie Oborniki
43%
Lubelskie Opole Lubelskie
43%
Kujawsko-pomorskie Pruszcz
43%
Pomorskie Puck
43%
Dolnośląskie Środa Śląska
43%
Śląskie Świętochłowice
43%
Śląskie Szczyrk
43%
Śląskie Ustroń
43%
Lubuskie Żagań
43%
Kujawsko-pomorskie Żnin
43%
Warmińsko-mazurskie Działdowo
42%
Podlaskie Grajewo
42%
Mazowieckie Grodzisk Mazowiecki
42%
Dolnośląskie Kudowa-Zdrój
42%
Świętokrzyskie Skarżysko-Kamienna
42%
Wielkopolskie Śrem
42%
Dolnośląskie Trzebnica
42%
Świętokrzyskie Busko-Zdrój
41%
Podkarpackie Lesko
41%
Podkarpackie Leżajsk
41%
Kujawsko-pomorskie Nakło nad Notecią
41%
Świętokrzyskie Opatów
41%
Mazowieckie Pułtusk
41%
Podlaskie Bielsk Podlaski
40%
Lubelskie Biłgoraj
40%
Pomorskie Człuchów
40%
Lubelskie Dęblin
40%
Warmińsko-mazurskie Gołdap
40%
Zachodniopomorskie Goleniów
40%
Wielkopolskie Gostyń
40%
Mazowieckie Grójec
40%
Zachodniopomorskie Gryfice
40%
Świętokrzyskie Jędrzejów
40%
Lubelskie Kazimierz Dolny
40%
Świętokrzyskie Końskie
40%
Pomorskie Kościerzyna
40%
Lubuskie Kostrzyn nad Odrą
40%
Małopolskie Krynica-Zdrój
40%
Podkarpackie Łańcut
40%
Lubelskie Łęczna
40%
Małopolskie Limanowa
40%
Lubelskie Lubartów
40%
Warmińsko-mazurskie Nowe Miasto Lubawskie
40%
Pomorskie Nowy Dwór Gdański
40%
Warmińsko-mazurskie Olecko
40%
Mazowieckie Płońsk
40%
Dolnośląskie Polkowice
40%
Śląskie Pszczyna
40%
Kujawsko-pomorskie Świecie
40%
Kujawsko-pomorskie Tuchola
40%
Zachodniopomorskie Wałcz
40%
Mazowieckie Ząbki
40%
Śląskie Zawiercie
40%
Małopolskie Gorlice
39%
Lubelskie Janów Lubelski
39%
Lubelskie Krasnystaw
39%
Wielkopolskie Lwówek
39%
Małopolskie Niepołomice
39%
Mazowieckie Ostrów Mazowiecka
39%
Pomorskie Pruszcz Gdański
39%
Mazowieckie Przasnysz
39%
Kujawsko-pomorskie Rypin
39%
Podlaskie Sejny
39%
Warmińsko-mazurskie Węgorzewo
39%
Podlaskie Zambrów
39%
Lubelskie Annopol
38%
Dolnośląskie Bogatynia
38%
Dolnośląskie Brzeg Dolny
38%
Kujawsko-pomorskie Ciechocinek
38%
Mazowieckie Garwolin
38%
Zachodniopomorskie Gryfino
38%
Pomorskie Kartuzy
38%
Łódzkie Łęczyca
38%
Śląskie Lubliniec
38%
Dolnośląskie Milicz
38%
Podlaskie Mońki
38%
Śląskie Racibórz
38%
Łódzkie Rawa Mazowiecka
38%
Świętokrzyskie Sędziszów
38%
Podlaskie Siemiatycze
38%
Opolskie Strzelce Opolskie
38%
Lubelskie Szczebrzeszyn
38%
Dolnośląskie Szklarska Poręba
38%
Zachodniopomorskie Wolin
38%
Małopolskie Zator
38%
Łódzkie Zduńska Wola
38%
Dolnośląskie Złotoryja
38%
Zachodniopomorskie Białogard
37%
Wielkopolskie Buk
37%
Śląskie Czechowice-Dziedzice
37%
Dolnośląskie Kamienna Góra
37%
Lubelskie Łuków
37%
Lubelskie Nałęczów
37%
Małopolskie Rabka-Zdrój
37%
Małopolskie Sucha Beskidzka
37%
Lubelskie Włodawa
37%
Wielkopolskie Wronki
37%
Wielkopolskie Września
37%
Dolnośląskie Bardo
36%
Dolnośląskie Dzierżoniów
36%
Kujawsko-pomorskie Golub-Dobrzyń
36%
Wielkopolskie Grodzisk Wielkopolski
36%
Śląskie Kłobuck
36%
Lubuskie Krosno Odrzańskie
36%
Kujawsko-pomorskie Lipno
36%
Podlaskie Lipsk
36%
Pomorskie Miastko
36%
Małopolskie Miechów
36%
Świętokrzyskie Ożarów
36%
Opolskie Prudnik
36%
Wielkopolskie Złotów
36%
Małopolskie Alwernia
35%
Mazowieckie Białobrzegi
35%
Kujawsko-pomorskie Brodnica
35%
Łódzkie Brzeziny
35%
Zachodniopomorskie Cedynia
35%
Wielkopolskie Chodzież
35%
Śląskie Czeladź
35%
Małopolskie Dąbrowa Tarnowska
35%
Zachodniopomorskie Drawsko Pomorskie
35%
Opolskie Głubczyce
35%
Pomorskie Gniew
35%
Mazowieckie Gostynin
35%
Lubuskie Gubin
35%
Małopolskie Kalwaria Zebrzydowska
35%
Dolnośląskie Kąty Wrocławskie
35%
Wielkopolskie Kępno
35%
Śląskie Knurów
35%
Podlaskie Kolno
35%
Dolnośląskie Lądek-Zdrój
35%
Warmińsko-mazurskie Lubawa
35%
Dolnośląskie Lwówek Śląski
35%
Lubuskie Międzyrzecz
35%
Śląskie Myszków
35%
Wielkopolskie Nowy Tomyśl
35%
Opolskie Olesno
35%
Łódzkie Piątek
35%
Świętokrzyskie Pińczów
35%
Podkarpackie Przeworsk
35%
Wielkopolskie Rawicz
35%
Mazowieckie Sierpc
35%
Mazowieckie Sochaczew
35%
Łódzkie Sulejów
35%
Wielkopolskie Swarzędz
35%
Wielkopolskie Szamotuły
35%
Mazowieckie Warka
35%
Świętokrzyskie Włoszczowa
35%
Świętokrzyskie Wodzisław
35%
Śląskie Wodzisław Śląski
35%
Dolnośląskie Ząbkowice Śląskie
35%
Podkarpackie Brzozów
34%
Zachodniopomorskie Choszczno
34%
Mazowieckie Dobre
34%
Opolskie Głuchołazy
34%
Lubelskie | Mazowieckie Józefów
34%
Mazowieckie Konstancin-Jeziorna
34%
Wielkopolskie Krotoszyn
34%
Podkarpackie Lubaczów
34%
Wielkopolskie Luboń
34%
Dolnośląskie Oborniki Śląskie
34%
Mazowieckie Radzymin
34%
Lubelskie Ryki
34%
Kujawsko-pomorskie Sępólno Krajeńskie
34%
Małopolskie Skawina
34%
Zachodniopomorskie Sławno
34%
Podlaskie Sokółka
34%
Mazowieckie Sokołów Podlaski
34%
Świętokrzyskie Staszów
34%
Dolnośląskie Strzelin
34%
Pomorskie Sztum
34%
Łódzkie Uniejów
34%
Zachodniopomorskie Dębno
33%
Lubuskie Drezdenko
33%
Lubelskie Janów Podlaski
33%
Wielkopolskie Jarocin
33%
Wielkopolskie Kościan
33%
Podlaskie Łapy
33%
Małopolskie Maków Podhalański
33%
Wielkopolskie Międzychód
33%
Śląskie Mikołów
33%
Zachodniopomorskie Myślibórz
33%
Mazowieckie Nowe Miasto nad Pilicą
33%
Lubelskie Radzyń Podlaski
33%
Małopolskie Szczawnica
33%
Mazowieckie Węgrów
33%
Zachodniopomorskie Barlinek
32%
Dolnośląskie Bielawa
32%
Warmińsko-mazurskie Biskupiec
32%
Dolnośląskie Bolków
32%
Dolnośląskie Bystrzyca Kłodzka
32%
Świętokrzyskie Ćmielów
32%
Dolnośląskie Duszniki-Zdrój
32%
Mazowieckie Góra Kalwaria
32%
Świętokrzyskie Kazimierza Wielka
32%
Opolskie Krapkowice
32%
Mazowieckie Łomianki
32%
Mazowieckie Łosice
32%
Mazowieckie Maków Mazowiecki
32%
Kujawsko-pomorskie Mogilno
32%
Warmińsko-mazurskie Morąg
32%
Małopolskie Muszyna
32%
Wielkopolskie Ostrzeszów
32%
Świętokrzyskie Pacanów
32%
Łódzkie Pajęczno
32%
Lubelskie Piaski
32%
Mazowieckie Piastów
32%
Mazowieckie Pilawa
32%
Łódzkie Poddębice
32%
Dolnośląskie Polanica-Zdrój
32%
Podkarpackie Ropczyce
32%
Warmińsko-mazurskie Ryn
32%
Lubuskie Strzelce Krajeńskie
32%
Świętokrzyskie Szydłów
32%
Lubelskie Terespol
32%
Łódzkie Warta
32%
Łódzkie Wieruszów
32%
Dolnośląskie Wołów
32%
Mazowieckie Wyszków
32%
Pomorskie Żukowo
32%
Mazowieckie Żuromin
32%
Podkarpackie Baranów Sandomierski
31%
Warmińsko-mazurskie Barczewo
31%
Śląskie Bieruń
31%
Pomorskie Czarne
31%
Małopolskie Czarny Dunajec
31%
Warmińsko-mazurskie Dobre Miasto
31%
Śląskie Imielin
31%
Podkarpackie Kolbuszowa
31%
Łódzkie Konstantynów Łódzki
31%
Kujawsko-pomorskie Kruszwica
31%
Dolnośląskie Międzylesie
31%
Lubelskie Parczew
31%
Wielkopolskie Słupca
31%
Lubuskie Sulęcin
31%
Małopolskie Trzebinia
31%
Wielkopolskie Wągrowiec
31%
Wielkopolskie Wolsztyn
31%
Lubuskie Wschowa
31%
Mazowieckie Zwoleń
31%
Lubelskie Frampol
30%
Podkarpackie Iwonicz-Zdrój
30%
Zachodniopomorskie Nowogard
30%
Warmińsko-mazurskie Orzysz
30%
Mazowieckie Ożarów Mazowiecki
30%
Małopolskie Proszowice
30%
Kujawsko-pomorskie Radziejów
30%
Podkarpackie Sędziszów Małopolski
30%
Mazowieckie Serock
30%
Kujawsko-pomorskie Solec Kujawski
30%
Dolnośląskie Strzegom
30%
Zachodniopomorskie Świdwin
30%
Mazowieckie Szydłowiec
30%
Warmińsko-mazurskie Tolkmicko
30%
Opolskie | Łódzkie Ujazd
30%
Kujawsko-pomorskie Wąbrzeźno
30%
Zachodniopomorskie Bobolice
29%
Mazowieckie Brwinów
29%
Kujawsko-pomorskie Chełmża
29%
Dolnośląskie Chojnów
29%
Podlaskie Choroszcz
29%
Podlaskie Czarna Białostocka
29%
Wielkopolskie Czarnków
29%
Podlaskie Dąbrowa Białostocka
29%
Podkarpackie Dukla
29%
Zachodniopomorskie Dziwnów
29%
Lubelskie Izbica
29%
Dolnośląskie Jelcz-Laskowice
29%
Małopolskie Jordanów
29%
Małopolskie Kęty
29%
Wielkopolskie Kłodawa
29%
Lubelskie Kock
29%
Łódzkie Koluszki
29%
Dolnośląskie Kowary
29%
Mazowieckie Kozienice
29%
Małopolskie Krzeszowice
29%
Śląskie Lędziny
29%
Małopolskie Libiąż
29%
Mazowieckie Lipsko
29%
Zachodniopomorskie Łobez
29%
Dolnośląskie Nowa Ruda
29%
Podlaskie Nowogród
29%
Śląskie Ogrodzieniec
29%
Opolskie Otmuchów
29%
Warmińsko-mazurskie Pasłęk
29%
Śląskie Pilica
29%
Mazowieckie Pionki
29%
Wielkopolskie Pleszew
29%
Mazowieckie Przysucha
29%
Zachodniopomorskie Pyrzyce
29%
Śląskie Radzionków
29%
Warmińsko-mazurskie Ruciane-Nida
29%
Mazowieckie Sulejówek
29%
Śląskie Szczekociny
29%
Mazowieckie Tłuszcz
29%
Zachodniopomorskie Trzebiatów
29%
Świętokrzyskie Wąchock
29%
Podlaskie Wysokie Mazowieckie
29%
Mazowieckie Błonie
28%
Lubelskie Bychawa
28%
Wielkopolskie | Zachodniopomorskie Dobra
28%
Mazowieckie Iłża
28%
Śląskie Koniecpol
28%
Świętokrzyskie Opatowiec
28%
Małopolskie Piwniczna-Zdrój
28%
Dolnośląskie Świeradów-Zdrój
28%
Świętokrzyskie Chęciny
27%
Zachodniopomorskie Czaplinek
27%
Pomorskie Czersk
27%
Podkarpackie Dynów
27%
Łódzkie Grabów
27%
Mazowieckie Kobyłka
27%
Kujawsko-pomorskie Kowal
27%
Małopolskie Mszana Dolna
27%
Pomorskie Pelplin
27%
Podkarpackie Strzyżów
27%
Wielkopolskie Ujście
27%
Małopolskie Wolbrom
27%
Łódzkie Żarnów
27%
Mazowieckie Zielonka
27%
Dolnośląskie Złoty Stok
27%
Lubuskie Babimost
26%
Kujawsko-pomorskie Barcin
26%
Warmińsko-mazurskie Biała Piska
26%
Małopolskie Biecz
26%
Podkarpackie Boguchwała
26%
Kujawsko-pomorskie Brześć Kujawski
26%
Małopolskie Brzeszcze
26%
Lubuskie Bytom Odrzański
26%
Małopolskie Chełmek
26%
Zachodniopomorskie Chojna
26%
Mazowieckie Czerwińsk nad Wisłą
26%
Kujawsko-pomorskie Dobrzyń nad Wisłą
26%
Podkarpackie Głogów Małopolski
26%
Zachodniopomorskie Kalisz Pomorski
26%
Dolnośląskie Kamieniec Ząbkowicki
26%
Kujawsko-pomorskie Kamień Krajeński
26%
Wielkopolskie Kórnik
26%
Kujawsko-pomorskie Koronowo
26%
Warmińsko-mazurskie Korsze
26%
Małopolskie Koszyce
26%
Wielkopolskie Krzyż Wielkopolski
26%
Świętokrzyskie Łagów
26%
Śląskie Łazy
26%
Dolnośląskie Lubawka
26%
Lubelskie Międzyrzec Podlaski
26%
Mazowieckie Mszczonów
26%
Małopolskie Nowe Brzesko
26%
Zachodniopomorskie Nowe Warpno
26%
Dolnośląskie Olszyna
26%
Mazowieckie Osieck
26%
Świętokrzyskie Osiek
26%
Łódzkie Ozorków
26%
Opolskie Paczków
26%
Wielkopolskie Pniewy
26%
Dolnośląskie Radków
26%
Lubelskie Rejowiec
26%
Lubelskie Rejowiec Fabryczny
26%
Warmińsko-mazurskie Reszel
26%
Podkarpackie Rymanów
26%
Lubuskie Rzepin
26%
Dolnośląskie Ścinawa
26%
Zachodniopomorskie Sianów
26%
Śląskie Skoczów
26%
Lubuskie Sława
26%
Dolnośląskie Sobótka
26%
Podkarpackie Sokołów Małopolski
26%
Dolnośląskie Stronie Śląskie
26%
Łódzkie Stryków
26%
Dolnośląskie Syców
26%
Wielkopolskie Trzcianka
26%
Podlaskie Tykocin
26%
Warmińsko-mazurskie Wielbark
26%
Lubelskie Bełżyce
25%
Łódzkie Biała Rawska
25%
Dolnośląskie Bierutów
25%
Warmińsko-mazurskie Bisztynek
25%
Śląskie Blachownia
25%
Dolnośląskie Boguszów-Gorce
25%
Małopolskie Bukowno
25%
Dolnośląskie Chocianów
25%
Małopolskie Ciężkowice
25%
Małopolskie Czchów
25%
Śląskie Czerwionka-Leszczyny
25%
Podlaskie Drohiczyn
25%
Mazowieckie Glinojeck
25%
Łódzkie Głowno
25%
Opolskie Gogolin
25%
Małopolskie Grybów
25%
Lubelskie Józefów nad Wisłą
25%
Łódzkie Kamieńsk
25%
Śląskie Koziegłowy
25%
Lubelskie Kurów
25%
Śląskie Łaziska Górne
25%
Śląskie Miasteczko Śląskie
25%
Mazowieckie Milanówek
25%
Wielkopolskie Mosina
25%
Mazowieckie Nasielsk
25%
Opolskie Niemodlin
25%
Kujawsko-pomorskie Nieszawa
25%
Podkarpackie Nowa Dęba
25%
Świętokrzyskie Nowy Korczyn
25%
Małopolskie Nowy Wiśnicz
25%
Warmińsko-mazurskie Orneta
25%
Śląskie Orzesze
25%
Pomorskie Prabuty
25%
Opolskie Prószków
25%
Podkarpackie Rudnik nad Sanem
25%
Kujawsko-pomorskie Strzelno
25%
Kujawsko-pomorskie Szubin
25%
Małopolskie Tuchów
25%
Małopolskie Żabno
25%
Podkarpackie Zagórz
25%
Dolnośląskie Żmigród
25%
Lubelskie Zwierzyniec
25%
Mazowieckie Bieżuń
24%
Podkarpackie Bircza
24%
Małopolskie Bobowa
24%
Świętokrzyskie Bodzentyn
24%
Łódzkie Bolimów
24%
Zachodniopomorskie Borne Sulinowo
24%
Pomorskie Brusy
24%
Mazowieckie Chorzele
24%
Podlaskie Ciechanowiec
24%
Pomorskie Dzierzgoń
24%
Opolskie Głogówek
24%
Podlaskie Goniądz
24%
Warmińsko-mazurskie Górowo Iławeckie
24%
Dolnośląskie Gryfów Śląski
24%
Mazowieckie Halinów
24%
Lubuskie Iłowa
24%
Kujawsko-pomorskie Izbica Kujawska
24%
Kujawsko-pomorskie Jabłonowo Pomorskie
24%
Wielkopolskie Jastrowie
24%
Dolnośląskie Jaworzyna Śląska
24%
Dolnośląskie Jedlina-Zdrój
24%
Łódzkie Jeżów
24%
Lubelskie Kamionka
24%
Świętokrzyskie Klimontów
24%
Lubelskie Krasnobród
24%
Podlaskie Krynki
24%
Małopolskie Książ Wielki
24%
Lubuskie Łęknica
24%
Mazowieckie Łochów
24%
Dolnośląskie Lubomierz
24%
Łódzkie Lututów
24%
Podlaskie Michałowo
24%
Dolnośląskie Międzybórz
24%
Warmińsko-mazurskie Miłomłyn
24%
Zachodniopomorskie Mirosławiec
24%
Dolnośląskie Mirsk
24%
Mazowieckie Mrozy
24%
Mazowieckie Myszyniec
24%
Podkarpackie Narol
24%
Wielkopolskie Opatówek
24%
Lubelskie Ostrów Lubelski
24%
Opolskie Ozimek
24%
Dolnośląskie Piechowice
24%
Warmińsko-mazurskie Pieniężno
24%
Dolnośląskie Piława Górna
24%
Zachodniopomorskie Połczyn-Zdrój
24%
Lubelskie Poniatowa
24%
Dolnośląskie Przemków
24%
Wielkopolskie Puszczykowo
24%
Mazowieckie Raciąż
24%
Warmińsko-mazurskie Sępopol
24%
Małopolskie Skała
24%
Śląskie Sławków
24%
Wielkopolskie Ślesin
24%
Małopolskie Słomniki
24%
Lubuskie Sulechów
24%
Podlaskie Supraśl
24%
Warmińsko-mazurskie Susz
24%
Dolnośląskie Świebodzice
24%
Dolnośląskie Szczawno-Zdrój
24%
Lubelskie Tarnogród
24%
Dolnośląskie Twardogóra
24%
Mazowieckie Wiskitki
24%
Wielkopolskie Zbąszyń
24%
Lubuskie Zbąszynek
24%
Łódzkie Żychlin
24%
Kujawsko-pomorskie Bobrowniki
23%
Mazowieckie Bodzanów
23%
Mazowieckie Brok
23%
Mazowieckie Cegłów
23%
Lubuskie Czerwieńsk
23%
Pomorskie Debrzno
23%
Małopolskie Dobczyce
23%
Opolskie Dobrodzień
23%
Kujawsko-pomorskie Górzno
23%
Opolskie Gorzów Śląski
23%
Łódzkie Inowłódz
23%
Lubuskie Jasień
23%
Zachodniopomorskie Karlino
23%
Pomorskie Kobylnica
23%
Kujawsko-pomorskie Kowalewo Pomorskie
23%
Śląskie Kuźnia Raciborska
23%
Opolskie Lewin Brzeski
23%
Mazowieckie Mordy
23%
Wielkopolskie Murowana Goślina
23%
Podkarpackie Nowa Sarzyna
23%
Świętokrzyskie Nowa Słupia
23%
Pomorskie Nowy Staw
23%
Warmińsko-mazurskie Pasym
23%
Podkarpackie Pilzno
23%
Kujawsko-pomorskie Piotrków Kujawski
23%
Wielkopolskie Pobiedziska
23%
Mazowieckie Podkowa Leśna
23%
Śląskie Radlin
23%
Podkarpackie Radymno
23%
Podlaskie Rajgród
23%
Śląskie Rydułtowy
23%
Łódzkie Rzgów
23%
Kujawsko-pomorskie Skępe
23%
Lubelskie Stoczek Łukowski
23%
Małopolskie Szczucin
23%
Łódzkie Tuszyn
23%
Kujawsko-pomorskie Więcbork
23%
Mazowieckie Wyszogród
23%
Dolnośląskie Żarów
23%
Zachodniopomorskie Biały Bór
22%
Podkarpackie Błażowa
22%
Wielkopolskie Budzyń
22%
Podkarpackie Cieszanów
22%
Pomorskie Czarna Woda
22%
Wielkopolskie Dąbie
22%
Podkarpackie Dubiecko
22%
Łódzkie Działoszyn
22%
Opolskie Grodków
22%
Zachodniopomorskie Ińsko
22%
Kujawsko-pomorskie Janikowo
22%
Warmińsko-mazurskie Jeziorany
22%
Mazowieckie Karczew
22%
Lubuskie Kargowa
22%
Kujawsko-pomorskie Kcynia
22%
Pomorskie Kępice
22%
Warmińsko-mazurskie Kisielice
22%
Łódzkie Krośniewice
22%
Mazowieckie Łaskarzew
22%
Lubuskie Lubsko
22%
Lubelskie Lubycza Królewska
22%
Mazowieckie Małkinia Górna
22%
Świętokrzyskie Małogoszcz
22%
Lubelskie Modliborzyce
22%
Dolnośląskie Niemcza
22%
Lubuskie Nowe Miasteczko
22%
Wielkopolskie Opalenica
22%
Kujawsko-pomorskie Pakość
22%
Zachodniopomorskie Płoty
22%
Śląskie Pyskowice
22%
Podlaskie Suchowola
22%
Mazowieckie Tarczyn
22%
Dolnośląskie Wleń
22%
Świętokrzyskie Zawichost
22%
Dolnośląskie Ziębice
22%
Zachodniopomorskie Złocieniec
22%
Łódzkie Błaszki
21%
Wielkopolskie Bojanowo
21%
Wielkopolskie Borek Wielkopolski
21%
Podlaskie Brańsk
21%
Podkarpackie Brzostek
21%
Opolskie Byczyna
21%
Świętokrzyskie Chmielnik
21%
Kujawsko-pomorskie Chodecz
21%
Wielkopolskie Czempiń
21%
Świętokrzyskie Daleszyce
21%
Zachodniopomorskie Drawno
21%
Mazowieckie Drobin
21%
Mazowieckie Gąbin
21%
Kujawsko-pomorskie Gniewkowo
21%
Lubelskie Goraj
21%
Mazowieckie Jadów
21%
Kujawsko-pomorskie Janowiec Wielkopolski
21%
Mazowieckie Jastrząb
21%
Podkarpackie Jawornik Polski
21%
Podlaskie Jedwabne
21%
Śląskie Kalety
21%
Mazowieckie Kałuszyn
21%
Podkarpackie Kańczuga
21%
Opolskie Kietrz
21%
Podlaskie Knyszyn
21%
Opolskie Kolonowskie
21%
Lubelskie Końskowola
21%
Mazowieckie Kosów Lacki
21%
Wielkopolskie Książ Wielkopolski
21%
Świętokrzyskie Kunów
21%
Kujawsko-pomorskie Łasin
21%
Mazowieckie Latowicz
21%
Dolnośląskie Leśna
21%
Kujawsko-pomorskie Lubień Kujawski
21%
Kujawsko-pomorskie Lubraniec
21%
Łódzkie Lutomiersk
21%
Mazowieckie Magnuszew
21%
Wielkopolskie Miasteczko Krajeńskie
21%
Dolnośląskie Miękinia
21%
Warmińsko-mazurskie Młynary
21%
Świętokrzyskie Morawica
21%
Lubuskie Nowogród Bobrzański
21%
Dolnośląskie Nowogrodziec
21%
Lubuskie Ośno Lubuskie
21%
Świętokrzyskie Piekoszów
21%
Dolnośląskie Pieńsk
21%
Lubelskie Piszczac
21%
Świętokrzyskie Połaniec
21%
Zachodniopomorskie Polanów
21%
Dolnośląskie Prochowice
21%
Dolnośląskie Prusice
21%
Śląskie Pszów
21%
Małopolskie Radłów
21%
Kujawsko-pomorskie Radzyń Chełmiński
21%
Zachodniopomorskie Resko
21%
Mazowieckie Różan
21%
Mazowieckie Sanniki
21%
Dolnośląskie Siechnice
21%
Podkarpackie Sieniawa
21%
Śląskie Siewierz
21%
Świętokrzyskie Skalbmierz
21%
Pomorskie Skarszewy
21%
Pomorskie Skórcz
21%
Mazowieckie Stanisławów
21%
Świętokrzyskie Stąporków
21%
Wielkopolskie Stęszew
21%
Małopolskie Świątniki Górne
21%
Dolnośląskie Świerzawa
21%
Lubuskie Szprotawa
21%
Lubuskie Torzym
21%
Śląskie Toszek
21%
Wielkopolskie Trzemeszno
21%
Podkarpackie Ulanów
21%
Podlaskie Wasilków
21%
Dolnośląskie Wąsosz
21%
Dolnośląskie Węgliniec
21%
Śląskie Wilamowice
21%
Warmińsko-mazurskie Zalewo
21%
Śląskie Żarki
21%
Dolnośląskie Zawidów
21%
Opolskie Zdzieszowice
21%
Mazowieckie Żelechów
21%
Opolskie Baborów
20%
Zachodniopomorskie Człopa
20%
Podlaskie Czyżew
20%
Lubuskie Dobiegniew
20%
Dolnośląskie Głuszyca
20%
Zachodniopomorskie Golczewo
20%
Wielkopolskie Grabów nad Prosną
20%
Łódzkie Kiernozia
20%
Kujawsko-pomorskie Kikół
20%
Lubuskie Kożuchów
20%
Śląskie Krzepice
20%
Kujawsko-pomorskie Łabiszyn
20%
Opolskie Leśnica
20%
Warmińsko-mazurskie Miłakowo
20%
Mazowieckie Mogielnica
20%
Zachodniopomorskie Moryń
20%
Kujawsko-pomorskie Mrocza
20%
Wielkopolskie Odolanów
20%
Podkarpackie Oleszyce
20%
Lubuskie Otyń
20%
Zachodniopomorskie Recz
20%
Wielkopolskie Rogoźno
20%
Mazowieckie Skaryszew
20%
Wielkopolskie Śmigiel
20%
Mazowieckie Solec nad Wisłą
20%
Śląskie Sośnicowice
20%
Świętokrzyskie Suchedniów
20%
Podlaskie Suraż
20%
Lubuskie Szlichtyngowa
20%
Zachodniopomorskie Tuczno
20%
Podkarpackie Tyczyn
20%
Wielkopolskie Wysoka
20%
Podkarpackie Zaklików
20%
Mazowieckie Zakroczym
20%
Opolskie Zawadzkie
20%
Łódzkie Zelów
20%
Świętokrzyskie Bogoria
19%
Wielkopolskie Chocz
19%
Lubuskie Cybinka
19%
Lubelskie Czemierniki
19%
Kujawsko-pomorskie Gąsawa
19%
Wielkopolskie Gołańcz
19%
Zachodniopomorskie Gościno
19%
Podkarpackie Jedlicze
19%
Mazowieckie Jedlnia-Letnisko
19%
Wielkopolskie Jutrosin
19%
Wielkopolskie Kaczory
19%
Wielkopolskie Kobylin
19%
Opolskie Korfantów
19%
Wielkopolskie Krobia
19%
Zachodniopomorskie Lipiany
19%
Mazowieckie Maciejowice
19%
Wielkopolskie Nekla
19%
Wielkopolskie Nowe Skalmierzyce
19%
Mazowieckie Odrzywół
19%
Łódzkie Osjaków
19%
Dolnośląskie Pieszyce
19%
Śląskie Poręba
19%
Opolskie Praszka
19%
Podkarpackie Pruchnik
19%
Podkarpackie Przecław
19%
Śląskie Strumień
19%
Małopolskie Sułkowice
19%
Wielkopolskie Wieleń
19%
Świętokrzyskie Wiślica
19%
Śląskie Wojkowice
19%
Wielkopolskie Wyrzysk
19%
Podlaskie Zabłudów
19%
Wielkopolskie Zduny
19%
Wielkopolskie Żerków
19%
Łódzkie Złoczew
19%
Zachodniopomorskie Barwice
18%
Łódzkie Białaczów
18%
Opolskie Branice
18%
Lubuskie Brody
18%
Zachodniopomorskie Chociwel
18%
Mazowieckie Ciepielów
18%
Zachodniopomorskie Dobrzany
18%
Wielkopolskie Dolsk
18%
Łódzkie Drzewica
18%
Świętokrzyskie Działoszyce
18%
Mazowieckie Gielniów
18%
Mazowieckie Głowaczów
18%
Wielkopolskie Golina
18%
Świętokrzyskie Gowarczów
18%
Świętokrzyskie Iwaniska
18%
Podlaskie Kleszczele
18%
Świętokrzyskie Koprzywnica
18%
Wielkopolskie Koźminek
18%
Wielkopolskie Koźmin Wielkopolski
18%
Wielkopolskie Krajenka
18%
Śląskie Krzanowice
18%
Lubelskie Łaszczów
18%
Wielkopolskie Łobżenica
18%
Świętokrzyskie Łopuszno
18%
Mazowieckie Lubowidz
18%
Lubuskie Małomice
18%
Dolnośląskie Mieroszów
18%
Wielkopolskie Mieścisko
18%
Wielkopolskie Miłosław
18%
Wielkopolskie Obrzycko
18%
Wielkopolskie Okonek
18%
Wielkopolskie Ostroróg
18%
Łódzkie Parzęczew
18%
Łódzkie Przedbórz
18%
Mazowieckie Przytyk
18%
Podkarpackie Radomyśl Wielki
18%
Świętokrzyskie Radoszyce
18%
Wielkopolskie Rychwał
18%
Małopolskie Ryglice
18%
Mazowieckie Siennica
18%
Mazowieckie Sienno
18%
Lubuskie Skwierzyna
18%
Wielkopolskie Sompolno
18%
Wielkopolskie Szamocin
18%
Podlaskie Szczuczyn
18%
Dolnośląskie Szczytna
18%
Opolskie Tułowice
18%
Lubelskie Tyszowce
18%
Lubelskie Urzędów
18%
Opolskie Wołczyn
18%
Śląskie Woźniki
18%
Mazowieckie Wyśmierzyce
18%
Wielkopolskie Czerniejewo
17%
Wielkopolskie Jaraczewo
17%
Mazowieckie Kazanów
17%
Lubuskie Lubniewice
17%
Wielkopolskie Margonin
17%
Zachodniopomorskie Maszewo
17%
Zachodniopomorskie Mieszkowice
17%
Wielkopolskie Mikstat
17%
Wielkopolskie Pogorzela
17%
Wielkopolskie Poniec
17%
Wielkopolskie Pyzdry
17%
Wielkopolskie Rychtal
17%
Wielkopolskie Rydzyna
17%
Lubelskie Siedliszcze
17%
Podlaskie Stawiski
17%
Świętokrzyskie Stopnica
17%
Zachodniopomorskie Suchań
17%
Łódzkie Szadek
17%
Lubuskie Trzciel
17%
Zachodniopomorskie Trzcińsko-Zdrój
17%
Lubelskie Turobin
17%
Lubelskie Wąwolnica
17%
Dolnośląskie Wojcieszów
17%
Małopolskie Zakliczyn
17%
Łódzkie Dąbrowice
16%
Lubuskie Gozdnica
16%
Wielkopolskie Kłecko
16%
Podkarpackie Kołaczyce
16%
Wielkopolskie Miejska Górka
16%
Wielkopolskie Osieczna
16%
Zachodniopomorskie Pełczyce
16%
Śląskie Przyrów
16%
Łódzkie Rozprza
16%
Zachodniopomorskie Stepnica
16%
Podlaskie Szepietowo
16%
Wielkopolskie Tuliszków
16%
Dolnośląskie Wiązów
16%
Lubuskie Witnica
16%
Małopolskie Wojnicz
16%
Łódzkie Wolbórz
16%
Wielkopolskie Kleczew
15%
Wielkopolskie Krzywiń
15%
Świętokrzyskie Pierzchnica
15%
Wielkopolskie Przedecz
15%
Wielkopolskie Rakoniewice
15%
Wielkopolskie Sieraków
15%
Wielkopolskie Skoki
15%
Mazowieckie Sochocin
15%
Mazowieckie Staroźreby
15%
Wielkopolskie Stawiszyn
15%
Opolskie Strzeleczki
15%
Zachodniopomorskie Tychowo
15%
Zachodniopomorskie Węgorzyno
15%
Wielkopolskie Witkowo
15%
Śląskie Włodowice
15%
Wielkopolskie Zagórów
15%
Wielkopolskie Zaniemyśl
15%
Wielkopolskie Dobrzyca
14%
Wielkopolskie Raszków
14%
Świętokrzyskie Sobków
14%
Wielkopolskie Sulmierzyce
14%
Wielkopolskie Wielichowo
13%
Nie znaleziono quizów pasujących do podanych kryteriów
Rozkład punktacji
Procent ludzi z każdym wynikiem
Percentyl według liczby udzielonych odpowiedzi
Twoja historia wyników
Nie rozwiązałeś tego quizu od ostatniego zresetowania